Edmonton Oilers - Statistics

General Stats
  • This quiz has been taken 15 times
  • The average score is 20 of 37
Answer Stats
Hint Answer Pos % Correct
97 Connor McDavid C
88%
2 Evan Bouchard D
88%
29 Leon Draisaitl C
88%
93 Ryan Nugent-Hopkins C
88%
18 Zach Hyman L
88%
14 Mattias Ekholm D
75%
19 Adam Henrique C
63%
88 Andrew Mangiapane L
63%
27 Brett Kulak D
63%
39 Connor Ingram G
63%
25 Darnell Nurse D
63%
28 Jack Roslovic C
63%
74 Stuart Skinner G
63%
35 Tristan Jarry G
63%
49 Ty Emberson D
63%
92 Vasili Podkolzin R
63%
75 Alec Regula D
50%
30 Calvin Pickard G
50%
64 Connor Clattenburg C
50%
20 Curtis Lazar C
50%
86 David Tomasek R
50%
53 Isaac Howard L
50%
96 Jake Walman D
50%
81 Joshua Samanski C
50%
22 Matthew Savoie C
50%
46 Max Jones L
50%
16 Jason Dickinson C
38%
42 Kasperi Kapanen R
38%
48 Noah Philp C
38%
23 Quinn Hutson R
38%
61 Riley Stillman D
38%
10 Trent Frederic C
38%
51 Troy Stecher D
38%
34 Colton Dach C
25%
5 Connor Murphy D
25%
13 Mattias Janmark-Nylen C
25%
24 Spencer Stastney D
25%
No matching quizzes found
Score Distribution
Percent of People with Each Score
Percentile by Number Answered
Your Score History
You have not taken this quiz